[Event "Ankara Baskent Univ op 8th"]
[Site "Ankara"]
[Date "2025.07.05"]
[Round "8"]
[White "Amirinasab, Abolfazl"]
[Black "Nigalidze, Gaioz"]
[Result "0-1"]
[WhiteElo "2145"]
[BlackElo "2368"]
[PlyCount "107"]
[EventDate "2025.07.01"]
[EventType "swiss"]
[EventRounds "9"]
[EventCountry "TUR"]
[SourceTitle "CB28_2025"]
[SourceDate "2025.07.09"]
[SourceVersion "1"]
[SourceVersionDate "2025.07.09"]
[SourceQuality "1"]

1. e4 d6 2. d4 Nf6 3. Nc3 g6 4. Nf3 c6 5. h3 Bg7 6. Bd3 Qc7 7. 0-0 e5 8. Be3 0-0 9. Qd2 Re8 10. a4 a5 11. Rad1 Nbd7 12. dxe5 dxe5 13. Bc4 Nb6 14. Bb3 Be6 15. Qd6 Qxd6 16. Rxd6 Bxb3 17. cxb3 Bf8 18. Rxf6 Nd7 19. Rd6 Bxd6 20. Rd1 Re6 21. Kf1 f6 22. Ke2 Rd8 23. Nd2 Bc7 24. Nc4 Kf7 25. g3 Ree8 26. f4 Nf8 27. Rxd8 Rxd8 28. f5 Nd7 29. g4 g5 30. Nd1 h5 31. gxh5 Rh8 32. Nf2 Rxh5 33. Bd2 b6 34. Be3 Rh8 35. Na3 Bd6 36. Nc4 Bc5 37. Bxc5 Nxc5 38. Nxb6 Nxb3 39. Kd3 Rb8 40. Nc4 Nc5+ 41. Kc2 Rb4 42. Nxa5 Rxa4 43. Nxc6 Rc4+ 44. Kd1 Nxe4 45. Nxe4 Rxe4 46. Kd2 Rh4 47. b4 Rxh3 48. Na5 Rh2+ 49. Ke3 Rb2 50. Nc4 Rb3+ 51. Kf2 Rxb4 52. Ne3 Rb2+ 53. Kf3 Rb3 54. Ke4 0-1

[Event "Ankara Baskent Univ op 8th"]
[Site "Ankara"]
[Date "2025.07.03"]
[Round "4"]
[White "Amirinasab, Abolfazl"]
[Black "Ozkan, Kaan"]
[Result "1-0"]
[WhiteElo "2145"]
[BlackElo "1993"]
[PlyCount "93"]
[EventDate "2025.07.01"]
[EventType "swiss"]
[EventRounds "9"]
[EventCountry "TUR"]
[SourceTitle "CB28_2025"]
[SourceDate "2025.07.09"]
[SourceVersion "1"]
[SourceVersionDate "2025.07.09"]
[SourceQuality "1"]

1. e4 e5 2. Nf3 Nc6 3. Bb5 Nge7 4. 0-0 Ng6 5. d4 exd4 6. Nxd4 Bc5 7. Be3 Nxd4 8. Bxd4 Qg5 9. Bxc5 Qxc5 10. Nc3 0-0 11. Kh1 a6 12. Bd3 Nf4 13. Qd2 Qe5 14. Rfe1 Nxd3 15. cxd3 Qd4 16. Nd5 c6 17. Ne7+ Kh8 18. Nf5 Qf6 19. Qb4 d6 20. Nxd6 Be6 21. Re2 Rfd8 22. e5 Qg6 23. d4 Rd7 24. f4 Rad8 25. Rf1 f5 26. Re3 Bd5 27. Rg3 Qe6 28. a3 g6 29. h3 Rg8 30. Re1 Rdg7 31. Qd2 Qe7 32. Kh2 Rf8 33. Qf2 h6 34. a4 Kh7 35. b4 b5 36. axb5 axb5 37. Ra1 Qh4 38. Rf3 g5 39. Rg3 Kh8 40. Kg1 g4 41. Qe3 gxh3 42. Rxg7 h2+ 43. Kh1 Kxg7 44. Qe2 Kh8 45. e6 Rg8 46. Qe5+ Rg7 47. Qxg7+ 1-0

[Event "Cesme op-A 11th"]
[Site "Izmir"]
[Date "2025.06.24"]
[Round "2"]
[White "Amirinasab, Abolfazl"]
[Black "Gunduz, Umut Erdem"]
[Result "1/2-1/2"]
[WhiteElo "2145"]
[BlackElo "2268"]
[PlyCount "30"]
[EventDate "2025.06.23"]
[EventType "swiss"]
[EventRounds "9"]
[EventCountry "TUR"]
[SourceTitle "CB27_2025"]
[SourceDate "2025.07.02"]
[SourceVersion "1"]
[SourceVersionDate "2025.07.02"]
[SourceQuality "1"]

1. e4 c5 2. Nf3 Nc6 3. d4 cxd4 4. Nxd4 Nf6 5. Nc3 d6 6. Bg5 e6 7. Qd3 Be7 8. 0-0-0 0-0 9. h4 a6 10. Qg3 Nxd4 11. Rxd4 Qa5 12. f4 e5 13. Ra4 Qd8 14. fxe5 dxe5 15. Be2 Be6 1/2-1/2

[Event "Muscat-ch op"]
[Site "Muscat"]
[Date "2024.12.28"]
[Round "5"]
[White "Amirinasab, Abolfazl"]
[Black "Fawzy, Adham"]
[Result "0-1"]
[WhiteElo "2101"]
[BlackElo "2493"]
[PlyCount "98"]
[EventDate "2024.12.26"]
[EventType "swiss"]
[EventRounds "9"]
[EventCountry "OMN"]
[SourceTitle "CB01_2025"]
[SourceDate "2025.01.01"]
[SourceVersion "1"]
[SourceVersionDate "2025.01.01"]
[SourceQuality "1"]

1. e4 c5 2. Nf3 Nc6 3. d4 cxd4 4. Nxd4 e5 5. Nb5 d6 6. c4 g6 7. Be2 Be6 8. Be3 a6 9. N5c3 Bg7 10. 0-0 Nge7 11. Na3 Nd4 12. Bd3 Nec6 13. Nd5 0-0 14. Qd2 f5 15. Bg5 Qb8 16. f4 b5 17. Kh1 Ra7 18. Rac1 b4 19. Nc2 Raf7 20. Nxd4 Nxd4 21. exf5 Bxf5 22. fxe5 Bxe5 23. Ne7+ Kh8 24. Nxf5 gxf5 25. Bh6 f4 26. Bxf8 Qxf8 27. Be4 Rf6 28. Rcd1 a5 29. Qf2 Ne6 30. Rd5 Rh6 31. Bf3 Nc5 32. Re1 Re6 33. h3 Kg7 34. b3 Qf6 35. Re2 Re7 36. Qe1 Kf8 37. Qc1 Kg7 38. Rd1 Ne6 39. Bg4 Nd4 40. Re4 h5 41. Bf3 Nf5 42. Kh2 Ne3 43. Rd3 Qh4 44. Kh1 Nf5 45. Re1 Kf8 46. c5 Bb2 47. Rxe7 Bxc1 48. Re6 Be3 49. Rd1 Bxc5 0-1

[Event "Kermanshah Taq e Bostan 3rd"]
[Site "Kermanshah"]
[Date "2024.09.15"]
[Round "3"]
[White "Davtyan, Arsen"]
[Black "Amirinasab, Abolfazl"]
[Result "1-0"]
[WhiteElo "2377"]
[BlackElo "2067"]
[PlyCount "93"]
[EventDate "2024.09.13"]
[EventType "swiss"]
[EventRounds "9"]
[EventCountry "IRI"]
[SourceTitle "EXT 2025"]
[Source "ChessBase"]
[SourceDate "2024.10.14"]
[SourceVersion "1"]
[SourceVersionDate "2024.10.14"]
[SourceQuality "1"]

1. c4 c5 2. Nf3 Nc6 3. Nc3 Nf6 4. d4 cxd4 5. Nxd4 Nxd4 6. Qxd4 g6 7. e4 d6 8. Be2 Bg7 9. 0-0 0-0 10. Bg5 Be6 11. Rac1 Nd5 12. Qxg7+ Kxg7 13. exd5 Bf5 14. Rfe1 h6 15. Be3 g5 16. Bf1 Re8 17. Rcd1 Kg6 18. Rd2 h5 19. h3 Qd7 20. Nb5 b6 21. Nd4 e5 22. dxe6 fxe6 23. Nf3 Qc6 24. Red1 Rad8 25. Bxg5 Rd7 26. Be3 e5 27. Nh4+ Kf6 28. Nxf5 Kxf5 29. h4 Rg8 30. g3 Kf6 31. Rd5 Rdd8 32. b4 Qa4 33. c5 Qxb4 34. Bg5+ Rxg5 35. Rxd6+ Rxd6 36. hxg5+ Ke7 37. cxd6+ Kd8 38. Bh3 h4 39. Rd3 e4 40. Re3 Qxd6 41. gxh4 Qf4 42. g6 Qh6 43. Rg3 e3 44. fxe3 Qxh4 45. Kh2 Qc4 46. g7 Qxa2+ 47. Kg1 1-0